| 000 | 00715nam a2200253 a 4500 | ||
|---|---|---|---|
| 001 | adlib96000001 | ||
| 003 | ViArRB | ||
| 005 | 200902210153555.7 | ||
| 008 | 960221s1955 dcuabcdjdbkoqu001 0deng d | ||
| 020 | _a81-7030-781-3 | ||
| 022 | _a | ||
| 040 | _aAdlib | ||
| 082 | _a294.35 | ||
| 245 | _aJaina Sutras, Vol.2: The Uttaradhyayana sutra, the Sutrakritanga sutra | ||
| 250 | _a | ||
| 260 |
_aDelhi _bSri Satguru publications _c2003 |
||
| 300 |
_axli, 324p. _c |
||
| 500 | _a | ||
| 100 |
_aJacobi, Hermann _e |
||
| 700 |
_a _a |
||
| 942 | _cBK | ||
| 653 | _aJaina sutras | ||
| 952 |
_w2010-06-16 _p00050843 _r2011-09-28 _40 _00 _bUL _10 _o294.35 JAC.2 _d2010-06-16 _70 _yBK _s2011-09-20 _l1 _aUL |
||
| 999 |
_c48363 _d48362 |
||